Giáo trình Internet - Web : (Dùng trong các trường THCN)

Nội dung sách giới thiệu về lịch sử hình thành mạng Internet, ngôn ngữ đánh dấu siêu văn bản (HTML), thiết kế Web với Frontpage, thiết kế ứng dụng Multimedia trên Web.

Đã lưu trong:
書目詳細資料
主要作者: Trịnh, Quốc Tuấn
格式: 圖書
語言:Undetermined
出版: Hà Nội Nhà xuất bản Hà Nội 2007
主題:
標簽: 添加標簽
沒有標簽, 成為第一個標記此記錄!
Thư viện lưu trữ: Trung tâm Học liệu Trường Đại học Cần Thơ
LEADER 00899nam a2200217Ia 4500
001 CTU_142888
008 210402s9999 xx 000 0 und d
020 |c 42500 
082 |a 004.6507 
082 |b T502 
100 |a Trịnh, Quốc Tuấn 
245 0 |a Giáo trình Internet - Web : 
245 0 |b (Dùng trong các trường THCN) 
245 0 |c Trịnh Quốc Tuấn 
260 |a Hà Nội 
260 |b Nhà xuất bản Hà Nội 
260 |c 2007 
520 |a Nội dung sách giới thiệu về lịch sử hình thành mạng Internet, ngôn ngữ đánh dấu siêu văn bản (HTML), thiết kế Web với Frontpage, thiết kế ứng dụng Multimedia trên Web. 
650 |a Internet (computer network),Internet (Mạng máy tính) 
904 |i QHieu 
980 |a Trung tâm Học liệu Trường Đại học Cần Thơ